[Event "82. Provinciale ROV."]
[Site "Ceregnano ITA"]
[Date "2023.01.28"]
[Round "3.8"]
[White "Tiozzo, Fabio"]
[Black "Lazzarini, Giovanni"]
[Result "1-0"]
[WhiteElo "1558"]
[BlackElo "1103"]
[Annotator "Gabriele Ballarin"]
[PlyCount "107"]
[EventDate "2023.01.27"]
[EventType "swiss"]
[EventRounds "5"]
[EventCountry "ITA"]

1. b3 d5 2. Bb2 Nc6 3. e3 Nf6 4. Nf3 Bg4 5. Be2 e6 6. O-O Bd6 7. d4 Qe7 8. c4 Bxf3 9. Bxf3 Qd7 10. a3 Rd8 11. c5 Be7 12. b4 a6 13. Nd2 g6 14. Re1 O-O 15. Qb3 b6 16. Rec1 Rfe8 17. Be2 Ra8 18. Rc2 Bf8 19. Rac1 bxc5 20. dxc5 Bg7 21. Nf3 Ng4 22. Bxg7 Kxg7 23. b5 axb5 24. Bxb5 Reb8 25. a4 e5 26. h3 e4 27. Qc3+ f6 28. Nd4 Rxb5 29. axb5 Nxd4 30. Qxd4 Ne5 31. c6 Qf5 32. Qc3 Qg5 33. Kh2 Rb8 34. Rb1 Nc4 35. Qb4 Nd6 36. Qa5 Rb6 37. Qa7 Nxb5 38. Qa5 Nd6 39. Rxb6 cxb6 40. Qxb6 Qf5 41. c7 Nc8 42. Qc6 Kh6 43. Qe8 g5 44. Rc6 d4 45. exd4 Qxf2 46. Qf8+ Kg6 47. Qe8+ Kh6 48. Qf8+ Kg6 49. Qe8+ Kh6 50. Qf8+ Kg6 51. Rc1 e3 52. Qxc8 e2 53. Qe8+ Kf5 54. c8=Q+ 1-0

[Event "82. Provinciale ROV."]
[Site "Ceregnano ITA"]
[Date "2023.01.28"]
[Round "3.9"]
[White "Scaranaro, Martina"]
[Black "Rubini, Alessandro BO"]
[Result "0-1"]
[WhiteElo "1157"]
[BlackElo "1553"]
[Annotator "Gabriele Ballarin"]
[PlyCount "70"]
[EventDate "2023.01.27"]
[EventType "swiss"]
[EventRounds "5"]
[EventCountry "ITA"]

1. e4 c5 2. d4 cxd4 3. c3 dxc3 4. Nxc3 e6 5. Nf3 a6 6. Bc4 Nc6 7. a3 b5 8. Ba2 Bb7 9. O-O d6 10. Qe2 Be7 11. Rd1 Qc7 12. Bg5 h6 13. Bxe7 Ngxe7 14. Rac1 O-O 15. Nh4 Rac8 16. Qg4 Ne5 17. Qg3 Rfd8 18. Ne2 Qb6 19. Rxc8 Rxc8 20. Nc3 a5 21. Nf3 Nxf3+ 22. Qxf3 b4 23. Na4 Qc6 24. Bb3 Qxe4 25. Qxe4 Bxe4 26. h3 d5 27. Nb6 Rc6 28. Nd7 Bc2 29. Bxc2 Rxc2 30. Rb1 Nc6 31. Nb6 Kf8 32. axb4 axb4 33. Na4 d4 34. Rd1 e5 35. f3 Ke7 0-1

[Event "82. Provinciale ROV."]
[Site "Ceregnano ITA"]
[Date "2023.01.28"]
[Round "3.10"]
[White "Simioli, Stefano"]
[Black "Uncini, Alessandro"]
[Result "1-0"]
[WhiteElo "1443"]
[BlackElo "999"]
[Annotator "Gabriele Ballarin"]
[PlyCount "49"]
[EventDate "2023.01.27"]
[EventType "swiss"]
[EventRounds "5"]
[EventCountry "ITA"]

1. d4 Nf6 2. c4 e6 3. Nf3 b6 4. Nc3 Bb4 5. a3 Bxc3+ 6. bxc3 Bb7 7. Bg5 d6 8. e3 h6 9. Bh4 Nbd7 10. Bd3 g5 11. Bg3 Nh5 12. O-O Nxg3 13. hxg3 Nf6 14. Nd2 Qe7 15. e4 O-O-O 16. a4 h5 17. a5 g4 18. axb6 axb6 19. c5 dxc5 20. e5 Nd7 21. Ba6 h4 22. Qe2 Nb8 23. Bxb7+ Kxb7 24. Qe4+ Kc8 25. Ra7 1-0

[Event "82. Provinciale ROV."]
[Site "Ceregnano ITA"]
[Date "2023.01.28"]
[Round "3.12"]
[White "Steffenato, Alberto"]
[Black "Aprile, Massimo"]
[Result "0-1"]
[WhiteElo "1389"]
[BlackElo "1589"]
[Annotator "Gabriele Ballarin"]
[PlyCount "62"]
[EventDate "2023.01.27"]
[EventType "swiss"]
[EventRounds "5"]
[EventCountry "ITA"]

1. e4 e5 2. Nc3 d6 3. f4 Nc6 4. Nf3 exf4 5. d4 Nf6 6. Bxf4 Be7 7. Bc4 O-O 8. O-O Bg4 9. d5 Ne5 10. Bxe5 dxe5 11. Qe1 Qd6 12. Qg3 Bxf3 13. Rxf3 Qc5+ 14. Kh1 Qxc4 15. Qxe5 Rae8 16. Qf4 Bd6 17. Qf5 Nxe4 18. Nxe4 Qxe4 19. Qxe4 Rxe4 20. Raf1 f6 21. Kg1 Rfe8 22. g3 Bc5+ 23. Kh1 Re1 24. Rxe1 Rxe1+ 25. Kg2 Re2+ 26. Kh3 Rxc2 27. Rb3 b6 28. a4 Rd2 29. a5 Rxd5 30. axb6 axb6 31. g4 Re5 0-1

[Event "82. Provinciale ROV."]
[Site "Ceregnano ITA"]
[Date "2023.01.28"]
[Round "3.13"]
[White "Ennio, Lorenzo"]
[Black "Morganti, Lionello"]
[Result "0-1"]
[WhiteElo "999"]
[BlackElo "1586"]
[Annotator "Gabriele Ballarin"]
[PlyCount "98"]
[EventDate "2023.01.27"]
[EventType "swiss"]
[EventRounds "5"]
[EventCountry "ITA"]

1. e4 d6 2. d4 Nf6 3. Nc3 g6 4. Nf3 c6 5. Bc4 Bg7 6. O-O b5 7. Bd3 O-O 8. Bg5 Qc7 9. Re1 e5 10. d5 b4 11. Bxf6 Bxf6 12. Ne2 cxd5 13. exd5 Re8 14. Be4 Bg7 15. c3 f5 16. Bc2 bxc3 17. bxc3 Nd7 18. Ba4 Rd8 19. Ng5 Nc5 20. Bc6 Bb7 21. Ne6 Nxe6 22. Bxb7 Qxb7 23. dxe6 Qe7 24. Qd5 Re8 25. Rab1 Qxe6 26. Qxe6+ Rxe6 27. Rb7 Bf8 28. Reb1 Re7 29. Rxe7 Bxe7 30. Rb7 Kf7 31. g3 Ke6 32. c4 Rc8 33. Rb4 Bd8 34. Nc1 a5 35. Ra4 Rb8 36. Nb3 Rb4 37. Rxb4 axb4 38. Kf1 Bb6 39. f3 g5 40. Ke2 h5 41. h3 g4 42. h4 f4 43. fxg4 hxg4 44. gxf4 exf4 45. Kf1 f3 46. Nd2 Ke5 47. h5 Be3 48. c5 Bxc5 49. Nb3 Kf6 0-1

[Event "82. Provinciale ROV."]
[Site "Ceregnano ITA"]
[Date "2023.01.28"]
[Round "3.14"]
[White "Ferlini, Claudio"]
[Black "Spiandorello, Edoardo"]
[Result "1-0"]
[WhiteElo "1201"]
[BlackElo "999"]
[Annotator "Gabriele Ballarin"]
[PlyCount "61"]
[EventDate "2023.01.27"]
[EventType "swiss"]
[EventRounds "5"]
[EventCountry "ITA"]

1. c4 Nc6 2. Nf3 e5 3. Nc3 Nf6 4. a3 Bc5 5. e3 O-O 6. d4 exd4 7. exd4 Re8+ 8. Be2 Be7 9. O-O d6 10. Re1 Bf5 11. d5 Ne5 12. Nh4 Bg6 13. f4 Nfd7 14. f5 Bxh4 15. Rf1 Nc5 16. fxg6 Nxg6 17. b4 Nd7 18. Qc2 Nde5 19. Bh5 Qd7 20. Qd1 Rad8 21. Bxg6 Nxg6 22. Qf3 Re7 23. Be3 a6 24. Bd4 Qc6 25. dxc6 bxc6 26. Rad1 Rde8 27. g3 Bg5 28. b5 axb5 29. cxb5 c5 30. Bf2 Be3 31. Nd5 1-0

[Event "82. Provinciale ROV."]
[Site "Ceregnano ITA"]
[Date "2023.01.29"]
[Round "4.2"]
[White "Jimchi, Abdelaziz"]
[Black "Celandon, Alberto"]
[Result "1/2-1/2"]
[WhiteElo "1698"]
[BlackElo "1778"]
[Annotator "Gabriele Ballarin"]
[PlyCount "107"]
[EventDate "2023.01.27"]
[EventType "swiss"]
[EventRounds "5"]
[EventCountry "ITA"]

1. d4 Nf6 2. Nf3 g6 3. e3 Bg7 4. Be2 O-O 5. O-O d6 6. b3 Nbd7 7. Bb2 c6 8. Nbd2 Re8 9. c4 e5 10. dxe5 dxe5 11. e4 Nc5 12. Qc2 Nh5 13. Rfe1 Nf4 14. Bf1 a5 15. a3 Qc7 16. b4 axb4 17. axb4 Rxa1 18. Rxa1 Nce6 19. g3 Nh5 20. Ra8 c5 21. bxc5 Bd7 22. Rxe8+ Bxe8 23. Qd3 Nxc5 24. Qd5 Nd7 25. Qb5 Nhf6 26. Bxe5 Nxe5 27. Qxe5 Qxe5 28. Nxe5 Nxe4 29. Nxe4 Bxe5 30. Nc5 b6 31. Nd3 Bd4 32. Bg2 Kg7 33. Bd5 Ba4 34. Kg2 Bb3 35. Nc1 Bc2 36. Ne2 Bb2 37. Kf3 f5 38. Ke3 Kf6 39. f4 Ba4 40. Kd2 Ba3 41. Kd3 Bc5 42. h3 h6 43. Nd4 g5 44. fxg5+ hxg5 45. Ne2 Ke5 46. h4 gxh4 47. gxh4 Be8 48. Bf3 Bg6 49. h5 Bh7 50. Kc3 f4 51. Kb3 Be3 52. Kc3 Be4 53. h6 Bg6 54. Kb4 1/2-1/2

[Event "82. Provinciale ROV."]
[Site "Ceregnano ITA"]
[Date "2023.01.29"]
[Round "4.3"]
[White "Matei, Cristian"]
[Black "Zangheratti, Daniele"]
[Result "1-0"]
[WhiteElo "1866"]
[BlackElo "1777"]
[Annotator "Gabriele Ballarin"]
[PlyCount "59"]
[EventDate "2023.01.27"]
[EventType "swiss"]
[EventRounds "5"]
[EventCountry "ITA"]

1. e4 c5 2. Nf3 d6 3. d4 cxd4 4. Nxd4 Nf6 5. f3 g6 6. Nc3 Bg7 7. Be3 Nc6 8. Qd2 Bd7 9. O-O-O Rc8 10. g4 O-O 11. h4 Nxd4 12. Bxd4 h5 13. gxh5 Nxh5 14. Bxg7 Kxg7 15. Rg1 a6 16. Be2 Rh8 17. f4 Bc6 18. f5 Nf6 19. fxg6 fxg6 20. h5 Rh6 21. e5 Ne4 22. Qd4 Nxc3 23. exd6+ e5 24. Qxe5+ Qf6 25. Qxc3 Qxc3 26. bxc3 Bd7 27. Bd3 Rxc3 28. Bxg6 Kf6 29. Rgf1+ Kg5 30. Rf7 1-0

[Event "82. Provinciale ROV."]
[Site "Ceregnano ITA"]
[Date "2023.01.29"]
[Round "4.5"]
[White "Negro, Raffaele"]
[Black "Tiozzo, Fabio"]
[Result "0-1"]
[WhiteElo "1688"]
[BlackElo "1558"]
[Annotator "Gabriele Ballarin"]
[PlyCount "114"]
[EventDate "2023.01.27"]
[EventType "swiss"]
[EventRounds "5"]
[EventCountry "ITA"]

1. d4 d5 2. Nf3 Nf6 3. e3 e6 4. Bd3 c5 5. b3 cxd4 6. exd4 Nc6 7. O-O Be7 8. Nbd2 Qc7 9. c4 O-O 10. Bb2 Rd8 11. cxd5 exd5 12. Rc1 Qa5 13. Bb1 Bg4 14. Re1 Bb4 15. Re2 Bxd2 16. Rxd2 Bxf3 17. gxf3 Re8 18. Re2 Rxe2 19. Qxe2 Re8 20. Qc2 Qc7 21. Qf5 Re2 22. Ba3 Qd8 23. Qd3 Re8 24. Kh1 Qd7 25. Rg1 Qh3 26. Bd6 Qe6 27. Bf4 g6 28. Be3 a6 29. a3 Nh5 30. f4 Kh8 31. Rg5 Ng7 32. b4 Nf5 33. Rg1 Nxe3 34. Re1 Qd7 35. Rxe3 Rxe3 36. fxe3 Qh3 37. Qe2 h5 38. Qf2 Qg4 39. Bc2 Ne7 40. Qg2 Qxg2+ 41. Kxg2 f5 42. Kg3 Kg7 43. Kh4 Kf6 44. Bb3 b6 45. Ba4 a5 46. bxa5 bxa5 47. Bb3 Kg7 48. Kg5 Kf7 49. Ba4 Ng8 50. Bc6 Ne7 51. Bb7 Ke6 52. Kh6 Kf6 53. a4 Kf7 54. Ba6 Kf6 55. Bb5 Kf7 56. Bd7 Ng8+ 57. Kh7 Nf6+ 0-1

[Event "82. Provinciale ROV."]
[Site "Ceregnano ITA"]
[Date "2023.01.29"]
[Round "4.6"]
[White "Morganti, Lionello"]
[Black "Rosina, Graziano"]
[Result "1/2-1/2"]
[WhiteElo "1586"]
[BlackElo "1695"]
[Annotator "Gabriele Ballarin"]
[PlyCount "20"]
[EventDate "2023.01.27"]
[EventType "swiss"]
[EventRounds "5"]
[EventCountry "ITA"]

1. e4 e5 2. Nf3 Nf6 3. Nc3 Nc6 4. Bb5 Bb4 5. d3 d6 6. h3 O-O 7. Bg5 Bd7 8. O-O Bxc3 9. bxc3 Ne7 10. Bxd7 Nxd7 1/2-1/2

[Event "82. Provinciale ROV."]
[Site "Ceregnano ITA"]
[Date "2023.01.29"]
[Round "4.7"]
[White "Benà_261, Ermanno"]
[Black "Carlino, Alessandro"]
[Result "0-1"]
[WhiteElo "1683"]
[BlackElo "1313"]
[Annotator "Gabriele Ballarin"]
[PlyCount "32"]
[EventDate "2023.01.27"]
[EventType "swiss"]
[EventRounds "5"]
[EventCountry "ITA"]

1. d4 d5 2. c4 c6 3. Nc3 Nf6 4. Nf3 e6 5. c5 b6 6. cxb6 axb6 7. e3 Bd6 8. Bd3 Nbd7 9. Bd2 O-O 10. Qc2 Bb7 11. O-O Re8 12. Rfc1 e5 13. e4 exd4 14. Nxd4 Be5 15. Nf3 Bxc3 16. Bxc3 dxe4 0-1

[Event "82. Provinciale ROV."]
[Site "Ceregnano ITA"]
[Date "2023.01.29"]
[Round "4.8"]
[White "Aprile, Massimo"]
[Black "Ferlini, Claudio"]
[Result "1-0"]
[WhiteElo "1589"]
[BlackElo "1201"]
[Annotator "Gabriele Ballarin"]
[PlyCount "77"]
[EventDate "2023.01.27"]
[EventType "swiss"]
[EventRounds "5"]
[EventCountry "ITA"]

1. Nf3 Nf6 2. g3 g6 3. Bg2 d6 4. c4 Bg7 5. d3 e5 6. Nc3 O-O 7. O-O Nc6 8. a3 Be6 9. Bd2 Re8 10. Rb1 Qd7 11. Ng5 h6 12. Nxe6 Rxe6 13. Bh3 Nd4 14. Bxe6 Qxe6 15. Kg2 Kh7 16. b4 Qd7 17. b5 b6 18. a4 Qe6 19. e3 Nf5 20. Qe2 e4 21. d4 Nd7 22. Ra1 d5 23. Nxd5 c5 24. Nc7 Qd6 25. Nxa8 Qb8 26. Nxb6 axb6 27. Bc3 Qb7 28. Kg1 Qc7 29. a5 cxd4 30. exd4 Nd6 31. a6 Qa7 32. Rfd1 Nf6 33. Rac1 Qc7 34. Bb4 Nc8 35. c5 e3 36. cxb6 Qd7 37. b7 Qd5 38. f3 Ng4 39. bxc8=Q 1-0

[Event "82. Provinciale ROV."]
[Site "Ceregnano ITA"]
[Date "2023.01.29"]
[Round "4.9"]
[White "Ranieri, Guglielmo"]
[Black "Togni, Alessandro"]
[Result "1/2-1/2"]
[WhiteElo "1327"]
[BlackElo "1360"]
[Annotator "Gabriele Ballarin"]
[PlyCount "42"]
[EventDate "2023.01.27"]
[EventType "swiss"]
[EventRounds "5"]
[EventCountry "ITA"]

1. e4 d5 2. exd5 Qxd5 3. Nc3 Qa5 4. Bc4 Nf6 5. d3 c5 6. h3 e6 7. Bf4 Nc6 8. Nf3 Bd7 9. O-O a6 10. a4 Be7 11. Qd2 O-O 12. Rfd1 Rfd8 13. Ne5 Bd6 14. Nxc6 Bxc6 15. Bxd6 Rxd6 16. Ne4 Qxd2 17. Nxf6+ gxf6 18. Rxd2 Rad8 19. a5 Bb5 20. b3 Kf8 21. Rb1 Ke7 1/2-1/2

[Event "82. Provinciale ROV."]
[Site "Ceregnano ITA"]
[Date "2023.01.29"]
[Round "4.10"]
[White "Sakharov, Sergiy"]
[Black "Voltolina, Francesco"]
[Result "0-1"]
[WhiteElo "1423"]
[BlackElo "1642"]
[Annotator "Gabriele Ballarin"]
[PlyCount "152"]
[EventDate "2023.01.27"]
[EventType "swiss"]
[EventRounds "5"]
[EventCountry "ITA"]

1. c4 e5 2. Nc3 Nf6 3. Nf3 Nc6 4. g3 d6 5. Bg2 Be7 6. O-O O-O 7. a3 a5 8. b3 Be6 9. Bb2 Qd7 10. d4 exd4 11. Nxd4 Nxd4 12. Qxd4 Bh3 13. e4 Bxg2 14. Kxg2 Qg4 15. h3 Qg6 16. Nd5 Nxd5 17. exd5 Bf6 18. Qd2 Bxb2 19. Qxb2 Rfe8 20. Rae1 Qd3 21. Rd1 Qe4+ 22. Kh2 Qe2 23. Qd2 Re5 24. Qxe2 Rxe2 25. Rde1 Rae8 26. Rxe2 Rxe2 27. Kg2 Rb2 28. Re1 Kf8 29. Re3 Rd2 30. g4 b5 31. Rc3 Ke7 32. Kf3 Kd7 33. Ke3 Ra2 34. b4 axb4 35. axb4 Rb2 36. c5 Rxb4 37. c6+ Ke7 38. Ra3 Ra4 39. Rb3 Ra5 40. f4 g6 41. h4 h6 42. g5 hxg5 43. hxg5 Kd8 44. Rb4 Kc8 45. Kd3 Kb8 46. Re4 Ka7 47. Re7 Kb6 48. Rxf7 b4 49. Rf6 Rxd5+ 50. Kc4 Kxc6 51. Rxg6 Rf5 52. Kxb4 Rxf4+ 53. Kc3 Kd5 54. Rg8 Rg4 55. g6 c5 56. g7 Rg3+ 57. Kd2 Kd4 58. Rd8 Rg2+ 59. Kd1 Rxg7 60. Rxd6+ Kc3 61. Rc6 c4 62. Rc8 Rg1+ 63. Ke2 Kb3 64. Rb8+ Kc2 65. Rc8 c3 66. Rb8 Rg2+ 67. Ke1 Kc1 68. Rc8 c2 69. Rc7 Rg1+ 70. Ke2 Kb2 71. Rb7+ Ka3 72. Ra7+ Kb4 73. Rb7+ Ka5 74. Rc7 c1=Q 75. Rxc1 Rxc1 76. Kd3 Kb4 0-1

[Event "82. Provinciale ROV."]
[Site "Ceregnano ITA"]
[Date "2023.01.29"]
[Round "4.11"]
[White "Belloni, Umberto"]
[Black "Scaranaro, Martina"]
[Result "1-0"]
[WhiteElo "1542"]
[BlackElo "1157"]
[Annotator "Gabriele Ballarin"]
[PlyCount "50"]
[EventDate "2023.01.27"]
[EventType "swiss"]
[EventRounds "5"]
[EventCountry "ITA"]

1. d4 Nf6 2. c3 g6 3. f3 Bg7 4. e4 d6 5. Bc4 O-O 6. Ne2 e6 7. Bg5 h6 8. Bh4 g5 9. Bf2 d5 10. exd5 exd5 11. Bd3 Nc6 12. Qc2 Re8 13. Nd2 Ne7 14. O-O-O Ng6 15. g3 Bh3 16. Rhe1 g4 17. Ng1 Rxe1 18. Rxe1 Bg2 19. Bxg6 gxf3 20. Bf5 Qd6 21. Ngxf3 Qa6 22. Kb1 Bxf3 23. Nxf3 Qc6 24. g4 Re8 25. Ne5 Qd6 1-0

[Event "82. Provinciale ROV."]
[Site "Ceregnano ITA"]
[Date "2023.01.29"]
[Round "4.12"]
[White "De Marco, Leonardo"]
[Black "Lazzarini, Giovanni"]
[Result "1-0"]
[WhiteElo "1393"]
[BlackElo "1103"]
[Annotator "Gabriele Ballarin"]
[PlyCount "49"]
[EventDate "2023.01.27"]
[EventType "swiss"]
[EventRounds "5"]
[EventCountry "ITA"]

1. e4 e5 2. Nf3 Nc6 3. Bc4 Bc5 4. c3 Nf6 5. d4 exd4 6. e5 Qe7 7. O-O Ng4 8. Bg5 Qf8 9. cxd4 Be7 10. Bf4 g6 11. h3 Nh6 12. Qd2 Nf5 13. g4 Ng7 14. Bh6 d6 15. exd6 Bxd6 16. Re1+ Ne7 17. Ng5 f6 18. Nf7 Bd7 19. Nc3 Bb4 20. Nd5 Be6 21. Nxc7+ Kd7 22. Bxe6+ Nxe6 23. Qxb4 Qxf7 24. Rxe6 Rac8 25. Qd6# 1-0

[Event "82. Provinciale ROV."]
[Site "Ceregnano ITA"]
[Date "2023.01.29"]
[Round "4.13"]
[White "Uncini, Alessandro"]
[Black "Steffenato, Alberto"]
[Result "1-0"]
[WhiteElo "999"]
[BlackElo "1389"]
[Annotator "Gabriele Ballarin"]
[PlyCount "36"]
[EventDate "2023.01.27"]
[EventType "swiss"]
[EventRounds "5"]
[EventCountry "ITA"]

1. e4 e6 2. d4 d5 3. exd5 exd5 4. Nc3 Nc6 5. Nf3 Nf6 6. Be2 Be7 7. O-O O-O 8. Bg5 h6 9. Bf4 Bd6 10. Bxd6 Qxd6 11. Nb5 Qd8 12. c4 a6 13. Nc3 Bg4 14. c5 Ne4 15. Re1 Re8 16. Ne5 Bxe2 17. Nxc6 Nxc3 18. bxc3 Bxd1 1-0

[Event "82. Provinciale ROV."]
[Site "Ceregnano ITA"]
[Date "2023.01.29"]
[Round "4.14"]
[White "Ennio, Lorenzo"]
[Black "Spiandorello, Edoardo"]
[Result "0-1"]
[WhiteElo "999"]
[BlackElo "999"]
[Annotator "Gabriele Ballarin"]
[PlyCount "34"]
[EventDate "2023.01.27"]
[EventType "swiss"]
[EventRounds "5"]
[EventCountry "ITA"]

1. e4 e5 2. Nf3 Nc6 3. Bc4 Bc5 4. c3 Nf6 5. d4 exd4 6. cxd4 Bb4+ 7. Bd2 Nxe4 8. Bxb4 Nxb4 9. Bxf7+ Kxf7 10. Qb3+ d5 11. Qxb4 Rf8 12. O-O Kg8 13. Re1 Rxf3 14. Rxe4 dxe4 15. gxf3 Qg5+ 16. Kf1 Bh3+ 17. Ke1 Qc1+ 0-1

[Event "82. Provinciale ROV."]
[Site "Ceregnano ITA"]
[Date "2023.01.29"]
[Round "5.1"]
[White "Vincenzi, Marco"]
[Black "Jimchi, Abdelaziz"]
[Result "1-0"]
[WhiteElo "2029"]
[BlackElo "1698"]
[Annotator "Gabriele Ballarin"]
[PlyCount "45"]
[EventDate "2023.01.27"]
[EventType "swiss"]
[EventRounds "5"]
[EventCountry "ITA"]

1. e4 d6 2. d4 Nf6 3. Nc3 c6 4. Nf3 Bg4 5. h3 Bh5 6. Be2 Nbd7 7. O-O e5 8. Be3 Be7 9. Nh4 Bxe2 10. Qxe2 Nxe4 11. Nxe4 d5 12. Nf5 dxe4 13. Nxg7+ Kf8 14. Bh6 Qb6 15. dxe5 c5 16. Nf5+ Ke8 17. Qxe4 Rg8 18. Rad1 Rg6 19. Qd5 Qc6 20. Rfe1 Qxd5 21. Rxd5 Nb6 22. Rdd1 Rd8 23. Ng7+ 1-0

[Event "82. Provinciale ROV."]
[Site "Ceregnano ITA"]
[Date "2023.01.29"]
[Round "5.3"]
[White "Tiozzo, Fabio"]
[Black "Matei, Cristian"]
[Result "1/2-1/2"]
[WhiteElo "1558"]
[BlackElo "1866"]
[Annotator "Gabriele Ballarin"]
[PlyCount "32"]
[EventDate "2023.01.27"]
[EventType "swiss"]
[EventRounds "5"]
[EventCountry "ITA"]

1. b3 d5 2. Bb2 Nf6 3. e3 Bf5 4. Nf3 e6 5. Be2 Bd6 6. d4 Nbd7 7. Nbd2 Ne4 8. c4 Bb4 9. Rc1 Ndf6 10. O-O Nxd2 11. Nxd2 O-O 12. Nf3 c6 13. c5 Ne4 14. a3 Ba5 15. b4 Bc7 16. b5 Bg4 1/2-1/2

[Event "82. Provinciale ROV."]
[Site "Ceregnano ITA"]
[Date "2023.01.29"]
[Round "5.4"]
[White "Zanirato, Stefano"]
[Black "Aprile, Massimo"]
[Result "1-0"]
[WhiteElo "1786"]
[BlackElo "1589"]
[Annotator "Gabriele Ballarin"]
[PlyCount "69"]
[EventDate "2023.01.27"]
[EventType "swiss"]
[EventRounds "5"]
[EventCountry "ITA"]

1. e4 e5 2. Nf3 d6 3. d4 exd4 4. Qxd4 Nc6 5. Bb5 Bd7 6. Bxc6 Bxc6 7. O-O Nf6 8. Nc3 Be7 9. Nd5 Bxd5 10. exd5 O-O 11. c4 Nd7 12. Qg4 Bf6 13. Bg5 Bxg5 14. Nxg5 Ne5 15. Qh5 h6 16. f4 Nxc4 17. Ne4 f5 18. Ng5 Rf6 19. Ne6 Qe8 20. Qxe8+ Rxe8 21. Nxc7 Re2 22. Rfe1 Re4 23. Rxe4 fxe4 24. Rc1 Nxb2 25. Ne6 Rf7 26. Rc8+ Kh7 27. Nf8+ Kg8 28. Ne6+ Kh7 29. g4 g6 30. Kf2 Nd3+ 31. Ke3 Nc5 32. Nxc5 dxc5 33. d6 Kg7 34. Rc7 Kf6 35. d7 1-0

[Event "82. Provinciale ROV."]
[Site "Ceregnano ITA"]
[Date "2023.01.29"]
[Round "5.5"]
[White "Carlino, Alessandro"]
[Black "Ranieri, Guglielmo"]
[Result "1/2-1/2"]
[WhiteElo "1313"]
[BlackElo "1327"]
[Annotator "Gabriele Ballarin"]
[PlyCount "109"]
[EventDate "2023.01.27"]
[EventType "swiss"]
[EventRounds "5"]
[EventCountry "ITA"]

1. e4 e5 2. Nf3 Nc6 3. Bc4 Bc5 4. c3 Nf6 5. d4 exd4 6. e5 d5 7. Bb5 Ne4 8. cxd4 Bb6 9. Nc3 Bg4 10. Be3 O-O 11. h3 Bh5 12. Qc2 Bg6 13. Qb3 Nxc3 14. bxc3 h6 15. Qb2 Na5 16. Qe2 c6 17. Bd3 Bxd3 18. Qxd3 Nc4 19. O-O Qe7 20. Nd2 Nxd2 21. Qxd2 Rad8 22. Rab1 Rd7 23. f4 f6 24. Qd3 fxe5 25. fxe5 Rxf1+ 26. Rxf1 Qe6 27. Rf3 Rf7 28. Rg3 Kh8 29. Bf2 g5 30. Rf3 Kg7 31. Rxf7+ Qxf7 32. Qf3 Qxf3 33. gxf3 Kg6 34. Kg2 Kf5 35. Be3 h5 36. Bd2 Bd8 37. Kg3 h4+ 38. Kf2 Be7 39. Ke3 b5 40. Ke2 Bd8 41. Be3 a5 42. Kf2 a4 43. a3 Be7 44. Bc1 Bd8 45. Bd2 Bb6 46. Be3 Bc7 47. Bd2 Bb6 48. Be3 Bd8 49. Ke2 Be7 50. Bc1 Bd8 51. Bd2 Be7 52. Bc1 Bf8 53. Kf2 c5 54. Ke2 cxd4 55. cxd4 1/2-1/2

[Event "82. Provinciale ROV."]
[Site "Ceregnano ITA"]
[Date "2023.01.29"]
[Round "5.6"]
[White "Zangheratti, Daniele"]
[Black "Belloni, Umberto"]
[Result "1/2-1/2"]
[WhiteElo "1777"]
[BlackElo "1542"]
[Annotator "Gabriele Ballarin"]
[PlyCount "78"]
[EventDate "2023.01.27"]
[EventType "swiss"]
[EventRounds "5"]
[EventCountry "ITA"]

1. e4 e6 2. d4 d5 3. Nc3 dxe4 4. Nxe4 Nf6 5. Nxf6+ gxf6 6. Nf3 Bd7 7. c4 Bc6 8. Be2 h5 9. h4 Be4 10. a3 Nc6 11. Be3 Bh6 12. Qd2 Bxe3 13. fxe3 Qd6 14. O-O-O Ke7 15. Bd3 Bxd3 16. Qxd3 f5 17. Qc3 f6 18. d5 Ne5 19. Nd4 Qc5 20. dxe6 Qxc4 21. Kc2 Rhg8 22. Rd2 Qxc3+ 23. Kxc3 c5 24. Nxf5+ Kxe6 25. e4 Rad8 26. Rxd8 Rxd8 27. Ng7+ Kf7 28. Nxh5 Rd3+ 29. Kc2 Re3 30. Rf1 Ng4 31. Rf4 Re2+ 32. Kc3 Rxg2 33. Nxf6 Nxf6 34. e5 Ke6 35. exf6 Kf7 36. a4 b6 37. b4 cxb4+ 38. Kxb4 a6 39. Kc4 Rd2 1/2-1/2

[Event "82. Provinciale ROV."]
[Site "Ceregnano ITA"]
[Date "2023.01.29"]
[Round "5.7"]
[White "Rosina, Graziano"]
[Black "Simioli, Stefano"]
[Result "1/2-1/2"]
[WhiteElo "1695"]
[BlackElo "1443"]
[Annotator "Gabriele Ballarin"]
[PlyCount "36"]
[EventDate "2023.01.27"]
[EventType "swiss"]
[EventRounds "5"]
[EventCountry "ITA"]

1. Nf3 Nf6 2. c4 c5 3. Nc3 Nc6 4. d4 cxd4 5. Nxd4 a6 6. e3 e6 7. Be2 Bb4 8. O-O O-O 9. Qc2 Bc5 10. Rd1 Nb4 11. Qb1 Qc7 12. a3 Nc6 13. b4 Nxd4 14. exd4 Be7 15. Qd3 d5 16. c5 b6 17. cxb6 Qxb6 18. Bf4 Bd7 1/2-1/2

[Event "82. Provinciale ROV."]
[Site "Ceregnano ITA"]
[Date "2023.01.29"]
[Round "5.8"]
[White "Voltolina, Francesco"]
[Black "De Marco, Leonardo"]
[Result "1/2-1/2"]
[WhiteElo "1642"]
[BlackElo "1393"]
[Annotator "Gabriele Ballarin"]
[PlyCount "74"]
[EventDate "2023.01.27"]
[EventType "swiss"]
[EventRounds "5"]
[EventCountry "ITA"]

1. e4 e5 2. Nf3 Nc6 3. Bb5 a6 4. Bxc6 dxc6 5. h3 Bc5 6. O-O f6 7. d3 Ne7 8. Be3 Bxe3 9. fxe3 c5 10. c3 O-O 11. d4 cxd4 12. exd4 Nc6 13. Qb3+ Kh8 14. Nbd2 b5 15. Rad1 Bb7 16. dxe5 Nxe5 17. Nxe5 fxe5 18. Nf3 Qe7 19. Rfe1 Rad8 20. Rxd8 Rxd8 21. a4 Qc5+ 22. Kf1 h6 23. axb5 Qxb5+ 24. Qxb5 axb5 25. Nxe5 Re8 26. Nd7 Rxe4 27. Rxe4 Bxe4 28. h4 h5 29. g3 c6 30. Kf2 Kh7 31. Ke3 Bh1 32. b4 Kg6 33. Kf4 Kf7 34. Kg5 Ke7 35. Nc5 Bf3 36. Kf4 Be2 37. Ke5 g6 1/2-1/2

[Event "82. Provinciale VE"]
[Site "Mestre ITA"]
[Date "2023.01.27"]
[Round "1.1"]
[White "Biondi, Carlo"]
[Black "Gallo, Enrico"]
[Result "0-1"]
[WhiteElo "1297"]
[BlackElo "2095"]
[Annotator "Gabriele Ballarin"]
[PlyCount "120"]
[EventDate "2023.01.27"]
[EventType "swiss"]
[EventRounds "5"]
[EventCountry "ITA"]

1. d4 Nf6 2. c4 c5 3. d5 e6 4. Nc3 exd5 5. cxd5 d6 6. e4 g6 7. Nf3 Bg7 8. Be2 O-O 9. O-O a6 10. a4 Qc7 11. h3 Re8 12. Bd3 Nbd7 13. Be3 Rb8 14. Nd2 Ne5 15. Be2 b6 16. f4 Ned7 17. Qc2 Bb7 18. Rf3 Nf8 19. Kh2 Bc8 20. Rg1 Qd7 21. g4 b5 22. axb5 axb5 23. f5 b4 24. Nd1 Bb7 25. Bc4 h6 26. fxg6 Nxg6 27. Bxh6 Nxg4+ 28. Rxg4 Bxh6 29. Rf6 Bg7 30. Rf1 Re5 31. Rfg1 Rbe8 32. Qd3 Qe7 33. Nf2 Bc8 34. Qf3 Rh5 35. Rxg6 fxg6 36. Rxg6 Qe5+ 37. Kh1 Rf8 38. Qg2 Rxf2 39. Qxf2 Rxh3+ 40. Kg1 Qh5 41. Rxg7+ Kxg7 42. Qg2+ Qg4 43. Qxg4+ Bxg4 44. b3 Rc3 45. Kf2 Kf6 46. Nb1 Rc1 47. Nd2 Ke5 48. Nf3+ Bxf3 49. Kxf3 Rxc4 50. bxc4 b3 51. Kg4 Kxe4 52. Kg5 b2 53. Kf6 b1=Q 54. Ke6 Qb6 55. Kf6 Kd4 56. Ke7 Kxc4 57. Ke6 Kd4 58. Kf5 c4 59. Ke6 c3 60. Kd7 c2 0-1